Top 10 países americanos más grandes - Estadísticas

Estadísticas generales
  • Esta prueba ha sido intentada 10.222 veces
  • La puntuación promedio es 10 de 10
Estadísticas de respuestas
km2 País % Correcto
2 780 400 Argentina
100%
8 515 767 Brasil
100%
9 984 670 Canadá
100%
9 525 067 Estados Unidos
100%
1 141 748 Colombia
99%
1 964 375 México
99%
756 102 Chile
98%
1 285 216 Perú
98%
916 445 Venezuela
98%
1 098 581 Bolivia
95%
No se encontraron pruebas coincidentes
Distribución de puntuación
Porcentaje de gente con cada puntuación
Porcentaje por número respondido
Historial de tus puntuaciones
No has intentado esta prueba.